Europa league winners - Sudden death - Statistics

General Stats
  • This quiz has been taken 149 times
  • The average score is 5 of 8
Answers on the Grid
Answers color-coded by a green-red scale on the quiz's grid according to % correct below.
Arsenal
Sevilla
Marseille
Atlético de Madrid
Villarreal
RB Leipzig
Roma
Fulham
Chelsea
Aston Villa
Fiorentina
Manchester United
Benfica
Braga
Eintracht Frankfurt
PSV Eindhoven
Atalanta
Porto
Rangers
VfB Stuttgart
 
Answer Stats
Answer % Correct
Sevilla
89%
Chelsea
67%
Atlético de Madrid
66%
Manchester United
63%
Villarreal
60%
Porto
52%
Atalanta
51%
Eintracht Frankfurt
49%
No matching quizzes found
Score Distribution
Percent of People with Each Score
Percentile by Number Answered
Your Score History
You have not taken this quiz